000 01485cam a22003614a 4500
001 12219617
003 OSt
005 20180328192008.0
008 001101s2001 enka b 001 0 eng
010 _a 00053081
020 _a0333921674
040 _aDLC
_cDLC
_dDLC
042 _apcc
043 _an-us---
050 0 0 _aHF1455
_b.S35 2001
082 0 0 _a332.042
_221
_bSEA 2001
100 1 _aSeabrooke, Leonard,
_d1974-
_91012
245 1 0 _aUS Power in International Finance :
_bthe victory of dividends
260 _aHampshire ;
_bPalgrave,
_c2001.
300 _axv, 287 p. :
_bill. ;
_c23 cm.
490 1 _aInternational political economy series
504 _aIncludes bibliographical references (p. 268-271) and index.
650 0 _aDividends
_zUnited States.
_91013
650 0 _aInternational finance.
_91014
651 0 _aUnited States
_xForeign economic relations.
_91015
830 0 _aInternational political economy series (Palgrave (Firm))
_91006
856 4 2 _3Contributor biographical information
_uhttp://www.loc.gov/catdir/bios/hol059/00053081.html
856 4 2 _3Publisher description
_uhttp://www.loc.gov/catdir/description/hol051/00053081.html
856 4 1 _3Table of contents
_uhttp://www.loc.gov/catdir/toc/hol051/00053081.html
906 _a7
_bcbc
_corignew
_d1
_eocip
_f20
_gy-gencatlg
942 _2ddc
_cSLOAN
999 _c386
_d386